[Event "Gatineau op"]
[Site "Gatineau CAN"]
[Date "2025.04.12"]
[Round "2.16"]
[White "Pelev, Iassen"]
[Black "Duval, Mathieu"]
[Result "1/2-1/2"]
[WhiteElo "2110"]
[BlackElo "1983"]
[WhiteFideId "-1"]
[WhiteFideId "-1"]
[PlyCount "91"]
[GameId "2168068885229420"]
[EventDate "2025.04.11"]
[EventType "swiss"]
[EventRounds "5"]
[EventCountry "CAN"]

1. e4 g6 2. d4 Bg7 3. Nc3 d6 4. f4 Nh6 5. Nf3 O-O 6. Be3 Nd7 7. Qd2 Ng4 8. Bg1 e5 9. fxe5 dxe5 10. d5 Bh6 11. Qd3 f5 12. Be2 Nb6 13. Rd1 fxe4 14. Nxe4 Bf5 15. Bc5 Bxe4 16. Qxe4 Rf4 17. Qd3 e4 18. Qb3 exf3 19. d6+ Kh8 20. Bxf3 Qe8+ 21. Kf1 cxd6 22. Rxd6 Nc4 23. Rd4 Bg7 24. Rxc4 Rxc4 25. Qxc4 Ne3+ 26. Bxe3 Qxe3 27. Qd3 Qc1+ 28. Qd1 Qxb2 29. g3 Rc8 30. Be4 Qxa2 31. Bxb7 Rb8 32. Bd5 Rb1 33. Bxa2 Rxd1+ 34. Kg2 Rd2+ 35. Kf3 Rxc2 36. Bd5 Bc3 37. h3 a5 38. Bb3 Rb2 39. Bc4 a4 40. Rc1 Bb4 41. Bd5 Rd2 42. Ke4 Bd6 43. g4 a3 44. Rc6 Be7 45. Ra6 Kg7 46. Ra7 1/2-1/2

[Event "Gatineau op"]
[Site "Gatineau CAN"]
[Date "2025.04.12"]
[Round "2.17"]
[White "Dufresne, Christophe"]
[Black "Lane, Ryan"]
[Result "0-1"]
[WhiteElo "1938"]
[BlackElo "2076"]
[WhiteFideId "-1"]
[WhiteFideId "-1"]
[PlyCount "108"]
[GameId "2168833442434935"]
[EventDate "2025.04.11"]
[EventType "swiss"]
[EventRounds "5"]
[EventCountry "CAN"]

1. e4 e5 2. Nf3 Nc6 3. Bc4 Nf6 4. Ng5 d5 5. exd5 Na5 6. Bb5+ c6 7. dxc6 bxc6 8. Bd3 Nd5 9. Nf3 Bd6 10. O-O O-O 11. Re1 Re8 12. Nc3 f5 13. Bf1 Qf6 14. Nxd5 cxd5 15. c3 Bd7 16. d3 h6 17. b4 Nc6 18. Bb2 Rab8 19. a4 a6 20. Nd2 Kh8 21. Nb3 Be6 22. d4 exd4 23. Nxd4 Nxd4 24. Qxd4 Qxd4 25. cxd4 Bxb4 26. Rec1 a5 27. Bb5 Rec8 28. Ba6 Rxc1+ 29. Rxc1 Bd7 30. Ra1 Bd2 31. Ra2 Bxa4 32. Rxa4 Rxb2 33. Kf1 Bb4 34. Bb7 Rd2 35. Bxd5 Rxd4 36. Bb3 g6 37. Ra1 Kg7 38. Rd1 Re4 39. f3 Re7 40. f4 Kf6 41. Rc1 g5 42. Rc6+ Kg7 43. fxg5 hxg5 44. Kf2 Rd7 45. Ke3 Re7+ 46. Kf2 Bd2 47. h3 f4 48. Bc2 Re5 49. Rd6 Bb4 50. Rc6 Re3 51. Rg6+ Kf7 52. Rxg5 Be1+ 53. Kf1 Bg3 54. Bb3+ Kf6 0-1

[Event "Gatineau op"]
[Site "Gatineau CAN"]
[Date "2025.04.12"]
[Round "2.18"]
[White "Qian, Eric"]
[Black "Nasr, Marwan"]
[Result "1/2-1/2"]
[WhiteElo "2069"]
[BlackElo "1946"]
[WhiteFideId "-1"]
[WhiteFideId "-1"]
[PlyCount "132"]
[GameId "2168864337620863"]
[EventDate "2025.04.11"]
[EventType "swiss"]
[EventRounds "5"]
[EventCountry "CAN"]

1. Nf3 d5 2. c4 e6 3. g3 dxc4 4. Qa4+ Bd7 5. Qxc4 c5 6. Ne5 Nf6 7. Qd3 Qc7 8. Nxd7 Nbxd7 9. Bg2 Be7 10. O-O O-O 11. Nc3 Rfd8 12. Qc2 Rab8 13. d3 b5 14. a4 b4 15. Nb1 a5 16. Nd2 Nd5 17. Nb3 Qa7 18. e4 N5b6 19. Be3 e5 20. Rfc1 Rbc8 21. Qe2 Rc6 22. d4 exd4 23. Bxd4 cxd4 24. Rxc6 Ne5 25. Rcc1 Nbc4 26. Nd2 d3 27. Qe1 Ng4 28. Rxc4 Bg5 29. Bf3 Bxd2 30. Qxd2 Ne5 31. Qc1 d2 32. Qc2 Nxf3+ 33. Kf1 b3 34. Qxb3 Nxh2+ 35. Kg2 Ng4 36. Rf1 h5 37. Qd1 Qxf2+ 38. Rxf2 Ne3+ 39. Kf3 Nxd1 40. Rc8 Rxc8 41. Rxd2 Nxb2 42. Rxb2 Rc3+ 43. Kf4 Ra3 44. Rb8+ Kh7 45. Rb5 Rxa4 46. Rxh5+ Kg6 47. Rb5 f6 48. g4 Ra1 49. e5 fxe5+ 50. Rxe5 Rf1+ 51. Kg3 a4 52. Ra5 Ra1 53. Kf4 Kh6 54. Rh5+ Kg6 55. Rg5+ Kh6 56. Rh5+ Kg6 57. Ra5 a3 58. Ra6+ Kf7 59. Kg5 a2 60. Ra7+ Ke6 61. Ra6+ Ke5 62. Ra5+ Kd4 63. Ra8 Kc3 64. Ra7 Kb2 65. Rb7+ Kc1 66. Ra7 Kb2 1/2-1/2

[Event "Gatineau op"]
[Site "Gatineau CAN"]
[Date "2025.04.12"]
[Round "2.19"]
[White "Turcotte, Jonathan"]
[Black "Lattafi, Youcef"]
[Result "1-0"]
[WhiteElo "2043"]
[BlackElo "1906"]
[WhiteFideId "-1"]
[WhiteFideId "-1"]
[PlyCount "89"]
[GameId "2168868362260362"]
[EventDate "2025.04.11"]
[EventType "swiss"]
[EventRounds "5"]
[EventCountry "CAN"]

1. d4 d5 2. c4 e6 3. Nf3 Nf6 4. Nc3 Nbd7 5. Bg5 Bb4 6. e3 c5 7. cxd5 exd5 8. Qc2 Qa5 9. Bd3 c4 10. Bf5 O-O 11. O-O Re8 12. Nd2 g6 13. Bxd7 Nxd7 14. h4 Bxc3 15. bxc3 Kg7 16. e4 f6 17. Bf4 dxe4 18. Nxc4 Qd5 19. Qb3 Qe6 20. Rae1 Nb6 21. Nd6 Rd8 22. Rxe4 Qxb3 23. axb3 Nd5 24. Bh2 Nxc3 25. Re7+ Kg8 26. Rfe1 Bd7 27. Nxb7 Re8 28. R1e3 Bb5 29. f3 Ne2+ 30. Kf2 Nxd4 31. Nd6 Rxe7 32. Rxe7 Bc6 33. Rc7 Bd5 34. b4 a6 35. Rc5 Be6 36. Ne4 Rf8 37. Bd6 Rf7 38. g4 h6 39. Ke3 Nb5 40. Rc6 f5 41. Nc5 Bd5 42. Rc8+ Kh7 43. Be5 f4+ 44. Kf2 g5 45. h5 1-0

[Event "Gatineau op"]
[Site "Gatineau CAN"]
[Date "2025.04.12"]
[Round "2.20"]
[White "Hong, Zihan"]
[Black "Nassar, Marc"]
[Result "1/2-1/2"]
[WhiteElo "1936"]
[BlackElo "2036"]
[WhiteFideId "-1"]
[WhiteFideId "-1"]
[PlyCount "86"]
[GameId "2169043244498834"]
[EventDate "2025.04.11"]
[EventType "swiss"]
[EventRounds "5"]
[EventCountry "CAN"]

1. d4 c5 2. dxc5 e6 3. e4 Bxc5 4. Nc3 Nc6 5. Nf3 Nf6 6. Bd3 O-O 7. O-O d6 8. a3 Bb6 9. Bg5 h6 10. Bh4 a6 11. Qe2 Qc7 12. Rad1 Ng4 13. Kh1 Nge5 14. Nxe5 dxe5 15. Qg4 Ne7 16. Bg3 Ng6 17. Ne2 Kh7 18. h4 f5 19. Qh5 f4 20. Bh2 Qf7 21. Ng1 Bc7 22. Nf3 Kg8 23. g4 Ne7 24. Qxf7+ Kxf7 25. Nd2 Bd7 26. f3 h5 27. Bg1 Rfd8 28. Kg2 Nc8 29. Bc5 b5 30. b4 Bb6 31. Nb3 Bc6 32. g5 Bc7 33. Be2 Nb6 34. Bxb6 Bxb6 35. Rxd8 Rxd8 36. Rd1 Rc8 37. Bd3 Ke7 38. Kf1 Ra8 39. c4 Rd8 40. c5 Bc7 41. Ke2 Ra8 42. Kf1 a5 43. Ra1 a4 1/2-1/2

[Event "Gatineau op"]
[Site "Gatineau CAN"]
[Date "2025.04.12"]
[Round "3.1"]
[White "Dukic, Zachary"]
[Black "Rodrigue-Lemieux, Shawn"]
[Result "0-1"]
[WhiteElo "2365"]
[BlackElo "2628"]
[WhiteFideId "-1"]
[WhiteFideId "-1"]
[PlyCount "114"]
[GameId "2169905208604309"]
[EventDate "2025.04.11"]
[EventType "swiss"]
[EventRounds "5"]
[EventCountry "CAN"]

1. Nf3 d5 2. g3 Nf6 3. Bg2 e6 4. O-O Be7 5. d3 O-O 6. Nbd2 Nc6 7. e4 dxe4 8. dxe4 e5 9. Nc4 Bd6 10. Re1 Be6 11. Qe2 Qe7 12. c3 a5 13. a4 h6 14. Nh4 Rfe8 15. Ne3 Qd7 16. Rd1 Ne7 17. Qc2 Qc6 18. Nhf5 Bc5 19. Nxe7+ Rxe7 20. Nd5 Bxd5 21. exd5 Qb6 22. b4 axb4 23. cxb4 Bxb4 24. Be3 Qa5 25. Qc4 Bd6 26. Rdb1 Qa6 27. Qh4 e4 28. Bf1 Qa5 29. Rxb7 Re5 30. Qh3 Rh5 31. Qg2 Qc3 32. Rc1 Qa3 33. Bb5 Nxd5 34. Re1 c6 35. Bxc6 Nxe3 36. Qxe4 Re5 37. Qb1 Qc5 38. Rc1 Nc4 39. Bb5 Rf5 40. Qa2 Qd5 41. Rxf7 Rxf7 42. Bxc4 Qf5 43. Be6 Qf6 44. Rc6 Rd8 45. a5 Kf8 46. Bxf7 Qxf7 47. Qxf7+ Kxf7 48. a6 Ke6 49. h4 Rb8 50. Kg2 Rb2 51. Kf3 Kd7 52. Rc4 Ra2 53. Rg4 Be5 54. Rg6 Bf6 55. g4 Ke7 56. Kg3 Rxa6 57. f4 Bxh4+ 0-1

[Event "Gatineau op"]
[Site "Gatineau CAN"]
[Date "2025.04.12"]
[Round "3.2"]
[White "Han, Johnathan"]
[Black "Gavrilin, Roman"]
[Result "1/2-1/2"]
[WhiteElo "2467"]
[BlackElo "2341"]
[WhiteFideId "-1"]
[WhiteFideId "-1"]
[PlyCount "74"]
[GameId "2169905209960096"]
[EventDate "2025.04.11"]
[EventType "swiss"]
[EventRounds "5"]
[EventCountry "CAN"]

1. e4 c5 2. Ne2 d6 3. g3 g6 4. Bg2 Bg7 5. c3 e6 6. d4 cxd4 7. cxd4 Ne7 8. Nbc3 Nbc6 9. h4 h6 10. O-O O-O 11. Be3 d5 12. e5 Nf5 13. Qd2 f6 14. exf6 Qxf6 15. Rad1 Ncxd4 16. Nxd4 Qxd4 17. Bxh6 Bxh6 18. Qxd4 Nxd4 19. Rxd4 Bg7 20. Rd2 Rb8 21. Re1 b5 22. Ne2 Bd7 23. Nd4 Bxd4 24. Rxd4 Rbc8 25. Rd2 Kf7 26. Bf1 Rc5 27. Bd3 Rfc8 28. Re5 d4 29. Rde2 Rxe5 30. Rxe5 Rc1+ 31. Kh2 Bc6 32. g4 Rd1 33. Bxb5 Bd5 34. Kg3 d3 35. Kf4 Kf6 36. Re3 d2 37. Rd3 Re1 1/2-1/2

[Event "Gatineau op"]
[Site "Gatineau CAN"]
[Date "2025.04.12"]
[Round "3.3"]
[White "Masse, Hugues"]
[Black "Latorre, Vincent"]
[Result "1/2-1/2"]
[WhiteElo "2172"]
[BlackElo "2366"]
[WhiteFideId "-1"]
[WhiteFideId "-1"]
[PlyCount "21"]
[GameId "2169905209964196"]
[EventDate "2025.04.11"]
[EventType "swiss"]
[EventRounds "5"]
[EventCountry "CAN"]

1. d4 Nf6 2. Bf4 g6 3. Nf3 Bg7 4. c3 O-O 5. Nbd2 d6 6. e4 Nc6 7. Be2 Re8 8. h3 e5 9. dxe5 Nxe5 10. Nxe5 dxe5 11. Be3 1/2-1/2

[Event "Gatineau op"]
[Site "Gatineau CAN"]
[Date "2025.04.12"]
[Round "3.4"]
[White "Sambuev, Bator"]
[Black "Rousskikh, Maxim"]
[Result "1-0"]
[WhiteElo "2520"]
[BlackElo "2137"]
[WhiteFideId "-1"]
[WhiteFideId "-1"]
[PlyCount "133"]
[GameId "2169905209964197"]
[EventDate "2025.04.11"]
[EventType "swiss"]
[EventRounds "5"]
[EventCountry "CAN"]

1. d4 d5 2. c4 c6 3. Nf3 Nf6 4. e3 e6 5. Bd3 Nbd7 6. b3 Bb4+ 7. Nbd2 O-O 8. O-O Re8 9. Bb2 Nf8 10. a3 Ba5 11. Ne5 Bc7 12. f4 N6d7 13. Qh5 f5 14. cxd5 cxd5 15. a4 Bd6 16. Ba3 Bxa3 17. Rxa3 Nf6 18. Qf7+ Kh8 19. Ndf3 Re7 20. Ng5 Bd7 21. Rc1 h6 22. Qxf8+ Qxf8 23. Ng6+ Kg8 24. Nxf8 Kxf8 25. Nf3 Rc8 26. Raa1 Bc6 27. Kf2 Rec7 28. Ke2 Bb5 29. Rxc7 Bxd3+ 30. Kxd3 Rxc7 31. Nd2 Ke7 32. h3 g5 33. Rf1 gxf4 34. Rxf4 h5 35. Rf2 Kd6 36. Rf1 Rg7 37. Rf2 Rg8 38. Nf3 Ne4 39. Rc2 Rg3 40. h4 a5 41. Rb2 Rg7 42. Rc2 Rg3 43. Ne5 Rg7 44. Rb2 Rg3 45. Re2 Rg7 46. Kc2 Rc7+ 47. Kb2 Nc3 48. Re1 Ne4 49. Rc1 Rg7 50. Rc2 Rg3 51. Nf3 Rg8 52. Ka3 Rb8 53. b4 axb4+ 54. Kxb4 Nf6 55. Ne5 Rf8 56. Kb5 Nd7 57. Nf3 Ra8 58. a5 Rg8 59. Ng5 Rf8 60. g3 e5 61. Rf2 Rf6 62. Rd2 e4 63. Rc2 Rf8 64. Rc1 Nb8 65. Kb6 Nc6 66. a6 Nxd4 67. axb7 1-0

[Event "Gatineau op"]
[Site "Gatineau CAN"]
[Date "2025.04.12"]
[Round "3.5"]
[White "Berube, Maximilien"]
[Black "Miranda Mesa, Elier"]
[Result "1/2-1/2"]
[WhiteElo "2035"]
[BlackElo "2516"]
[WhiteFideId "-1"]
[WhiteFideId "-1"]
[PlyCount "100"]
[GameId "2169905209964198"]
[EventDate "2025.04.11"]
[EventType "swiss"]
[EventRounds "5"]
[EventCountry "CAN"]

1. d4 d5 2. Nf3 Nf6 3. c4 dxc4 4. e3 Bg4 5. Bxc4 e6 6. O-O Nc6 7. Be2 Bd6 8. Nbd2 O-O 9. Nc4 Be7 10. b3 Nb4 11. a3 Nbd5 12. Bb2 c6 13. b4 Ne4 14. Rc1 Rb8 15. Qc2 f5 16. Na5 Bd6 17. Nb3 Bxf3 18. Bxf3 Ng5 19. Nd2 Nxf3+ 20. Nxf3 a5 21. bxa5 Qxa5 22. Nd2 Qd8 23. g3 Qg5 24. Nc4 Bc7 25. Bc3 Rf6 26. Ba5 Bxa5 27. Nxa5 f4 28. h4 Qg4 29. Qe4 Qe2 30. Rc2 Qb5 31. Rc5 Qe2 32. Rc2 Qa6 33. Nc4 fxg3 34. f4 b5 35. Ne5 Qxa3 36. Rf3 Rc8 37. Rxg3 Nxf4 38. Rf2 Rcf8 39. Kh2 Nd5 40. Rfg2 Qe7 41. Nxc6 Qc7 42. Ne5 Rf2 43. Kh3 Rxg2 44. Rxg2 Qc3 45. Rg3 Qe1 46. Qg2 g6 47. Rxg6+ hxg6 48. Qxg6+ Kh8 49. Qh6+ Kg8 50. Qg6+ Kh8 1/2-1/2

[Event "Gatineau op"]
[Site "Gatineau CAN"]
[Date "2025.04.12"]
[Round "3.6"]
[White "Moses, Neil"]
[Black "Fiset, Anais Chloe"]
[Result "1-0"]
[WhiteElo "2333"]
[BlackElo "1932"]
[WhiteFideId "-1"]
[WhiteFideId "-1"]
[PlyCount "85"]
[GameId "2169905209964199"]
[EventDate "2025.04.11"]
[EventType "swiss"]
[EventRounds "5"]
[EventCountry "CAN"]

1. Nf3 d5 2. e3 c5 3. b3 Nf6 4. Bb2 Nc6 5. Bb5 a6 6. Bxc6+ bxc6 7. Ne5 Qc7 8. O-O Bf5 9. f4 e6 10. g4 Bg6 11. d3 Nd7 12. Nd2 Nxe5 13. Bxe5 Qd7 14. e4 f6 15. Bb2 dxe4 16. Nxe4 Be7 17. Qe2 O-O 18. Nd2 Rfe8 19. Rae1 Bd6 20. Nc4 Bc7 21. Qf2 Qd5 22. Ba3 e5 23. fxe5 fxe5 24. Bxc5 Bf7 25. Bb6 Rac8 26. Qxf7+ Qxf7 27. Rxf7 Bxb6+ 28. Nxb6 Kxf7 29. Nxc8 Rxc8 30. Rxe5 Kf6 31. Ra5 Ra8 32. Kf2 Ke6 33. Ke3 h6 34. h4 Kd6 35. Rf5 Ra7 36. h5 Re7+ 37. Kd2 c5 38. a4 Kc6 39. Kc3 Rd7 40. g5 hxg5 41. Rxg5 a5 42. Rg6+ Kc7 43. Kc4 1-0

[Event "Gatineau op"]
[Site "Gatineau CAN"]
[Date "2025.04.12"]
[Round "3.7"]
[White "Pitre, Lucas"]
[Black "Gordon, David"]
[Result "1/2-1/2"]
[WhiteElo "1926"]
[BlackElo "2287"]
[WhiteFideId "-1"]
[WhiteFideId "-1"]
[PlyCount "114"]
[GameId "2169905209964200"]
[EventDate "2025.04.11"]
[EventType "swiss"]
[EventRounds "5"]
[EventCountry "CAN"]

1. Nf3 Nf6 2. g3 b6 3. Bg2 Bb7 4. d3 d5 5. O-O e6 6. Nbd2 Nbd7 7. c4 Be7 8. Re1 O-O 9. e4 dxe4 10. dxe4 e5 11. b3 Nc5 12. Qe2 Nd3 13. Rd1 Bc5 14. Nf1 Nxc1 15. Raxc1 Qe7 16. N3d2 Rfd8 17. Ne3 Bxe3 18. Qxe3 Rd4 19. f3 Rad8 20. Kf1 Rd3 21. Qe2 Qd7 22. Ke1 c5 23. Nf1 Rxd1+ 24. Rxd1 Qxd1+ 25. Qxd1 Rxd1+ 26. Kxd1 Ne8 27. Ne3 Nd6 28. Bh3 Kf8 29. Ke2 Ke7 30. Nf5+ Nxf5 31. Bxf5 h6 32. h4 Kf6 33. Ke3 g6 34. Bh3 Ke7 35. Bg4 f6 36. h5 g5 37. Bh3 Bc6 38. Bf1 Be8 39. g4 Kd6 40. Kd3 b5 41. Kc3 b4+ 42. Kd3 Bc6 43. Be2 Kc7 44. Bd1 a5 45. Ke3 Kb6 46. Kd3 a4 47. Ke3 Ka5 48. Kd3 Bd7 49. Bc2 Be6 50. Bd1 Bf7 51. Bc2 Be8 52. Bd1 Bc6 53. Bc2 Kb6 54. Bd1 Kc7 55. Ke3 Bd7 56. Kd3 Be6 57. Bc2 axb3 1/2-1/2

[Event "Gatineau op"]
[Site "Gatineau CAN"]
[Date "2025.04.12"]
[Round "3.8"]
[White "Bahmani, Amir Mohammad"]
[Black "Iordanescu, Victor Nicolae"]
[Result "1-0"]
[WhiteElo "2286"]
[BlackElo "1849"]
[WhiteFideId "-1"]
[WhiteFideId "-1"]
[PlyCount "73"]
[GameId "2169905209964201"]
[EventDate "2025.04.11"]
[EventType "swiss"]
[EventRounds "5"]
[EventCountry "CAN"]

1. e4 c5 2. Ne2 d6 3. g3 Nf6 4. Bg2 g6 5. c3 Bg7 6. O-O O-O 7. d4 Nbd7 8. f4 e5 9. fxe5 dxe5 10. d5 c4 11. Na3 b5 12. Kh1 Qb6 13. b3 Ng4 14. bxc4 bxc4 15. Qe1 Ba6 16. h3 Ngf6 17. Nc2 Nc5 18. Be3 Nfd7 19. Qd2 Qd6 20. Bh6 Nd3 21. Bxg7 Kxg7 22. Ne3 Rab8 23. Ng4 Rb2 24. Qh6+ Kg8 25. Ng1 f6 26. Nf3 Qe7 27. Nh4 Qg7 28. Qe3 h5 29. Nh6+ Kh7 30. N6f5 gxf5 31. Rxf5 Nf4 32. gxf4 Qh6 33. Bf3 Kg7 34. Rg1+ Kf7 35. Qxa7 Bc8 36. Bxh5+ Ke7 37. Qa3+ 1-0

[Event "Gatineau op"]
[Site "Gatineau CAN"]
[Date "2025.04.12"]
[Round "3.9"]
[White "Mok, Yuen Tak"]
[Black "Chiku-Ratte, Olivier-Kenta"]
[Result "0-1"]
[WhiteElo "2121"]
[BlackElo "2432"]
[WhiteFideId "-1"]
[WhiteFideId "-1"]
[PlyCount "84"]
[GameId "2169905209964202"]
[EventDate "2025.04.11"]
[EventType "swiss"]
[EventRounds "5"]
[EventCountry "CAN"]

1. e4 c5 2. Nf3 e6 3. c3 d5 4. exd5 Qxd5 5. d4 Nf6 6. Na3 Be7 7. Nb5 Na6 8. Be2 cxd4 9. Qxd4 O-O 10. Qxd5 Nxd5 11. O-O Rd8 12. Bd2 Nc5 13. c4 Nf6 14. Nc3 b6 15. Rad1 Bb7 16. h3 Nd3 17. b3 Bb4 18. Nd5 exd5 19. Bxd3 dxc4 20. Bxh7+ Kxh7 21. Bxb4 Bxf3 22. gxf3 Nd5 23. Bd2 c3 24. Bc1 Nb4 25. a3 Nd3 26. Be3 c2 27. Ra1 Rac8 28. Kg2 Rc3 29. b4 Rdc8 30. Bc1 Rb3 31. Bd2 Nb2 32. Rfc1 Nd3 33. Rg1 Ne5 34. Be3 Nc4 35. Bc1 Rb1 36. Bf4 Rxg1+ 37. Kxg1 g5 38. Bc1 Rd8 39. Kf1 Rd1+ 40. Ke2 Ne5 41. Ra2 Rxc1 42. Kd2 Rf1 0-1

[Event "Gatineau op"]
[Site "Gatineau CAN"]
[Date "2025.04.12"]
[Round "3.11"]
[White "Azar, Sebastien"]
[Black "Turcotte, Jonathan"]
[Result "1-0"]
[WhiteElo "2176"]
[BlackElo "2043"]
[WhiteFideId "-1"]
[WhiteFideId "-1"]
[PlyCount "58"]
[GameId "2169905209849495"]
[EventDate "2025.04.11"]
[EventType "swiss"]
[EventRounds "5"]
[EventCountry "CAN"]

1. c3 d5 2. d4 Nf6 3. Bf4 c5 4. e3 Nc6 5. h3 Qb6 6. Qb3 c4 7. Qxb6 axb6 8. Nd2 b5 9. a3 b4 10. cxb4 Nxb4 11. Rc1 Nc6 12. g4 b5 13. Bg2 e6 14. Ne2 Bb7 15. g5 Nh5 16. O-O Nxf4 17. Nxf4 Be7 18. h4 O-O 19. Ne2 f5 20. Nf4 Nd8 21. Rfd1 Bc6 22. Nf3 b4 23. axb4 Ra2 24. Ne5 Ba4 25. Ra1 Bxd1 26. Rxa2 Bd6 27. Nxe6 Nxe6 28. Bxd5 Re8 29. Ra6 Bxe5 1-0

[Event "Gatineau op"]
[Site "Gatineau CAN"]
[Date "2025.04.12"]
[Round "3.12"]
[White "Murali, Dhruv"]
[Black "Berube, Antoine"]
[Result "1-0"]
[WhiteElo "1976"]
[BlackElo "2172"]
[WhiteFideId "-1"]
[WhiteFideId "-1"]
[PlyCount "131"]
[GameId "2169905209849496"]
[EventDate "2025.04.11"]
[EventType "swiss"]
[EventRounds "5"]
[EventCountry "CAN"]

1. b3 d5 2. Bb2 Bf5 3. e3 e6 4. d4 Nf6 5. Nf3 h6 6. Be2 Bd6 7. Nbd2 O-O 8. O-O c6 9. c4 a5 10. a3 Nbd7 11. Re1 Ne4 12. Nf1 Qe7 13. Ng3 Nxg3 14. hxg3 Rfb8 15. c5 Bc7 16. b4 b5 17. Qd2 a4 18. Bd3 Bxd3 19. Qxd3 f5 20. Ne5 Bxe5 21. dxe5 Qg5 22. Kf1 Nf8 23. Ke2 Ng6 24. Qd4 Rf8 25. Bc1 Qg4+ 26. Qxg4 fxg4 27. Bb2 Ne7 28. f4 Rad8 29. Rad1 Rd7 30. Kf2 Rfd8 31. Bd4 Kf7 32. Rh1 Nf5 33. Rd3 Rh8 34. Rdd1 h5 35. Bc3 g6 36. Bb2 Rdd8 37. Bc3 Ne7 38. Bb2 Kg7 39. Bc3 Rdf8 40. Ke2 Rf7 41. Be1 g5 42. Bf2 Kg6 43. Rdf1 Rd8 44. Rd1 Rd7 45. Be1 Nf5 46. Bf2 Rh7 47. Rd3 h4 48. gxh4 gxh4 49. Rhd1 Rdf7 50. Rg1 Ne7 51. g3 hxg3 52. Rxg3 Kf5 53. Rd1 Rfg7 54. Rdg1 Rg6 55. Kd3 Rh2 56. Ke2 Rg8 57. R1g2 Rxg2 58. Rxg2 Rh8 59. Kd3 Rh1 60. Bg1 Ng8 61. Rh2 Rxg1 62. Rh8 Rd1+ 63. Kc2 Ra1 64. Rxg8 Ra2+ 65. Kd3 Rxa3+ 66. Kd4 1-0

[Event "Gatineau op"]
[Site "Gatineau CAN"]
[Date "2025.04.12"]
[Round "3.13"]
[White "Filion, Samuel"]
[Black "Hoekman, Samuel"]
[Result "1/2-1/2"]
[WhiteElo "1904"]
[BlackElo "2128"]
[WhiteFideId "-1"]
[WhiteFideId "-1"]
[PlyCount "63"]
[GameId "2169905209857689"]
[EventDate "2025.04.11"]
[EventType "swiss"]
[EventRounds "5"]
[EventCountry "CAN"]

1. Nf3 c5 2. g3 g6 3. Bg2 Bg7 4. d4 cxd4 5. Nxd4 Nf6 6. O-O O-O 7. c4 Nc6 8. Nc3 a6 9. Re1 e6 10. e4 Qc7 11. Be3 Nxd4 12. Qxd4 Ng4 13. Qc5 Qb8 14. Bf4 Be5 15. Bxe5 Qxe5 16. Qxe5 Nxe5 17. b3 Nc6 18. f4 Rb8 19. e5 b5 20. cxb5 axb5 21. Ne4 Rd8 22. Red1 Ne7 23. Nd6 Nf5 24. Nxf5 gxf5 25. Rd6 Bb7 26. Rad1 Bxg2 27. Kxg2 Rb7 28. a4 bxa4 29. bxa4 Ra7 30. Ra1 Rda8 31. Rad1 Rxa4 32. Rxd7 1/2-1/2

[Event "Gatineau op"]
[Site "Gatineau CAN"]
[Date "2025.04.12"]
[Round "3.14"]
[White "Adam, Rafael"]
[Black "Lane, Ryan"]
[Result "0-1"]
[WhiteElo "2318"]
[BlackElo "2076"]
[WhiteFideId "-1"]
[WhiteFideId "-1"]
[PlyCount "85"]
[GameId "2169905209955994"]
[EventDate "2025.04.11"]
[EventType "swiss"]
[EventRounds "5"]
[EventCountry "CAN"]

1. d4 Nf6 2. Bf4 c5 3. d5 Qb6 4. Nc3 Qxb2 5. Bd2 Qb6 6. e4 d6 7. f4 e5 8. f5 h5 9. Nf3 a6 10. g3 Nbd7 11. a4 Be7 12. Bd3 Qc7 13. Qe2 c4 14. Bxc4 Nc5 15. O-O Bd7 16. a5 Rc8 17. Bd3 Ng4 18. h3 Nh6 19. Nh2 Ng8 20. Kg2 Qd8 21. Nd1 Bg5 22. Ne3 Bxe3 23. Qxe3 Nf6 24. Rab1 Nxd3 25. cxd3 Bb5 26. Rfc1 Rxc1 27. Rxc1 Nd7 28. Bb4 Ke7 29. Nf3 f6 30. d4 exd4 31. Nxd4 Nc5 32. e5 Kf7 33. e6+ Ke7 34. Rxc5 dxc5 35. Bxc5+ Ke8 36. d6 Qxa5 37. d7+ Bxd7 38. exd7+ Kxd7 39. Qe6+ Kc7 40. Bd6+ Kd8 41. Be7+ Kc7 42. Nb3 Qb6 43. Qe3 0-1

[Event "Gatineau op"]
[Site "Gatineau CAN"]
[Date "2025.04.12"]
[Round "3.15"]
[White "Nasr, Marwan"]
[Black "Pelev, Iassen"]
[Result "1-0"]
[WhiteElo "1946"]
[BlackElo "2110"]
[WhiteFideId "-1"]
[WhiteFideId "-1"]
[PlyCount "99"]
[GameId "2169905209955995"]
[EventDate "2025.04.11"]
[EventType "swiss"]
[EventRounds "5"]
[EventCountry "CAN"]

1. c4 Nf6 2. Nf3 g6 3. d4 Bg7 4. g3 O-O 5. Bg2 d6 6. Nc3 c5 7. O-O Nc6 8. dxc5 dxc5 9. Bf4 Be6 10. Ne5 Na5 11. Nd3 Nh5 12. Be3 Nxc4 13. Bxc5 Rc8 14. Ne4 b6 15. Bb4 Nxb2 16. Nxb2 Bxb2 17. Rb1 Bg7 18. Qa4 Qc7 19. Qa3 Rfe8 20. Rfc1 Qe5 21. Bc3 Qb8 22. Bxg7 Nxg7 23. Rxc8 Bxc8 24. Rd1 Bf5 25. h4 Ne6 26. Rd7 Bxe4 27. Bxe4 Nc5 28. Rd4 Qe5 29. Qe3 Kg7 30. h5 Qxh5 31. Bc6 Rh8 32. Qxe7 Qf5 33. Rf4 Qe6 34. Qxa7 g5 35. Rf3 Rc8 36. Bb5 Rd8 37. Qc7 Rd1+ 38. Kg2 Rb1 39. Bc6 h6 40. e4 Rb4 41. Bd5 Qe8 42. Rxf7+ Kg6 43. Rg7+ Kf6 44. e5+ Kf5 45. Rf7+ Kg6 46. Qd6+ Kh5 47. Bf3+ Rg4 48. Rf6 Qh8 49. Bxg4+ Kxg4 50. Qd1# 1-0

[Event "Gatineau op"]
[Site "Gatineau CAN"]
[Date "2025.04.12"]
[Round "3.16"]
[White "Guillemette, Thomas"]
[Black "Qian, Eric"]
[Result "0-1"]
[WhiteElo "1930"]
[BlackElo "2069"]
[WhiteFideId "-1"]
[WhiteFideId "-1"]
[PlyCount "77"]
[GameId "2169905209955996"]
[EventDate "2025.04.11"]
[EventType "swiss"]
[EventRounds "5"]
[EventCountry "CAN"]

1. e4 e5 2. Nf3 Nc6 3. Bc4 Nf6 4. d3 Bc5 5. c3 d6 6. O-O a6 7. Re1 O-O 8. Nbd2 Bd7 9. Bb3 Ng4 10. Re2 Kh8 11. Nf1 f5 12. Bg5 Nf6 13. exf5 Bxf5 14. Ne3 Bd7 15. Nd5 Na5 16. Bc2 Bg4 17. Bxf6 gxf6 18. Re1 Nc6 19. Ne3 Be6 20. Nh4 f5 21. Qh5 Qf6 22. d4 Bf7 23. Qxf5 Qxh4 24. g3 Qh6 25. Ng4 Qg7 26. Be4 Bg6 27. Qe6 Bxe4 28. Rxe4 exd4 29. cxd4 Nxd4 30. Qd5 Nc6 31. Rb1 Rae8 32. h4 Rxe4 33. Qxe4 Ne5 34. Qxb7 Bb6 35. Nxe5 Bxf2+ 36. Kh1 Qxe5 37. Qxc7 Qe4+ 38. Kh2 Bxg3+ 39. Kg1 0-1

[Event "Gatineau op"]
[Site "Gatineau CAN"]
[Date "2025.04.12"]
[Round "3.17"]
[White "Zhu, Elber"]
[Black "Page-Fortin, Mathieu"]
[Result "1-0"]
[WhiteElo "2060"]
[BlackElo "1981"]
[WhiteFideId "-1"]
[WhiteFideId "-1"]
[PlyCount "69"]
[GameId "2169905209955997"]
[EventDate "2025.04.11"]
[EventType "swiss"]
[EventRounds "5"]
[EventCountry "CAN"]

1. d4 e6 2. c4 f5 3. Nf3 Nf6 4. g3 d5 5. Bg2 c6 6. b3 Bd6 7. O-O Qe7 8. a4 Nbd7 9. Ba3 O-O 10. Bxd6 Qxd6 11. Na3 Rb8 12. Nc2 Ne4 13. Nce1 dxc4 14. bxc4 Qb4 15. Qc2 Nb6 16. a5 Nd7 17. Nd3 Qd6 18. Rab1 b6 19. axb6 axb6 20. Nde5 c5 21. Rfd1 Nxe5 22. dxe5 Qc7 23. Rb3 Bd7 24. Rbd3 Bc6 25. Nd2 Nxd2 26. Bxc6 Nxc4 27. Qxc4 Qxc6 28. Rd6 Qe4 29. Qxe6+ Kh8 30. e3 h6 31. Rxb6 Rxb6 32. Qxb6 Qxe5 33. Qc6 Rf7 34. Rd5 Qb2 35. Qe8+ 1-0